000 00770cab a2200229 4500
001 WB3029-25
008 090401t1994 xxu||||| |||| 00| 0 eng d
035 _a(Sirsi) u16605
041 _aeng
245 _aBreach of condition
260 _c1994
350 _a0
490 _aEstates Gazette Case Summaries
_v1994 EGCS 130 (23/7/94)
520 _a"R v Ealing LBC ex parte Zainuddin" QBD 11 July 1994. An application for judicial review and an order to quash a breach of condition notice was granted. Judgment in favour of the applicants.
650 _aBREACH OF CONDITION
650 _aMOSQUE
650 _aOUTLINE PLANNING PERMISSION
650 _aPLANNING CONDITIONS
690 _aPLANNING LAW AND PRACTICE-CASE LAW
942 _n0
948 _c04/03/1997
999 _c10955
_d10955